000 00980cam a22003017a 4500
003 CHAP
005 20220329141434.0
008 971013s r 00010 d
010 _a68117
011 _a69089
035 _a78563
040 _cCHAP
090 _aR-2494
100 0 0 _aHood, I. P.
_956154
245 0 _aInoculation of Pinus caribaea var. Hondurensis seedlings with Ganoderma lucidum in Fiji
500 _aSobretiro de: New Zealand Journal of forestry Science 13 (1): 53-57. 1983
590 _aBATCH-UPD
_b10
_c20130110
_lUCH01
_h0057
590 _aBATCH-UPD
_b10
_c20130110
_lUCH01
_h0831
590 _aBATCH-UPD
_b10
_c20130409
_lUCH01
_h2045
590 _aBATCH-UPD
_b10
_c20130914
_lUCH01
_h1525
590 _aCONVERSION
_b10
_c20130109
_lUCH01
_h1337
650 1 4 _aGanoderma lucidum.
_945560
650 1 4 _aPinus caribaea.
_988322
650 1 4 _aPlantas
_xInoculación.
_988843
901 _aBK
942 _cREIMP
949 _aR-2494
_bBC
_cR
_d-31437
_eTS1
_i78563
_si
999 _c68117
_d68117